Online Catalogue and eLibrary

The other freud : (Record no. 734)

MARC details
000 -LEADER
fixed length control field 00456nam a2200181Ia 4500
005 - DATE AND TIME OF LATEST TRANSACTION
control field 20240712024808.0
008 - FIXED-LENGTH DATA ELEMENTS--GENERAL INFORMATION
fixed length control field 240331s9999 xx 000 0 und d
020 ## - INTERNATIONAL STANDARD BOOK NUMBER
ISBN 0415196590
082 ## - DDC Classification
Class No. 150.19
Item Number - Author Mark DIC
100 ## - MAIN ENTRY--PERSONAL NAME
Personal name Dicenso, J.J
245 #4 - TITLE STATEMENT
Title The other freud :
Remainder of title religion ,culture and psychoanalysis
260 ## - PUBLICATION, DISTRIBUTION, ETC.
Place of publication, distribution, etc. London
Name of publisher, distributor, etc. Routledge
Date of publication, distribution, etc. 1999
300 ## - PHYSICAL DESCRIPTION
Extent (e.g. Volumes, Pages etc.) vi, 174 p .,
650 ## - SUBJECT ADDED ENTRY--TOPICAL TERM
Topical term or geographic name entry element Religion
650 ## - SUBJECT ADDED ENTRY--TOPICAL TERM
Topical term or geographic name entry element Psychology
650 ## - SUBJECT ADDED ENTRY--TOPICAL TERM
Topical term or geographic name entry element Philosophy
942 ## - Koha item type (Biblio)
Koha item type Books in Stacks (Lending)
Holdings
Lost status Damaged status Collection code Home library Current library Shelving location Date acquired Full call number Accession Number Item type
    Lending WERC Library WERC Library Social Science Cupboard 03/31/2024 150.19 DIC 2793 Books in Stacks (Lending)

© WERC Library